• 首页
  • 本馆介绍
  • 公告通知
  • 最新文献
  • 馆藏检索
  • 电子资源
  • 读者导购
  • 参考咨询
  • 我的图书馆
  • 登录
  • 详细信息显示
  • 放入我的书架
  • 预约/预借图书
  • 作者相关作品
  • 分类相关作品
  • 丛书相关作品
  • 出版社相关作品

书目信息

  • 表格格式
  • 工作单格式
  • 卡片格式
题名:
子流形几何
    
 
作者: 许志才 著
分册:  
出版信息: 合肥   中国科学技术大学出版社  2003
页数: 150页
开本: 20cm
丛书名:
单 册:
中图分类: O189.3
科图分类:
主题词: 子流形--流形几何 , 子流形 , 流形几何
电子资源:
ISBN: 7-312-01618-9
000 00730nam0 2200241 450
001 002473247
005 20061121084556.42
010    @a7-312-01618-9@dCNY12.00
100    @a20031014d2003 em y0chiy0110 ea
101 0  @achi
102    @aCN@b340000
105    @ay z 001yy
200 1  @a子流形几何@9zi liu xing ji he@f许志才著
210    @a合肥@c中国科学技术大学出版社@d2003
215    @a150页@d20cm
330    @a本书以介绍黎曼几何的基本概念为基础,以简明扼要的方式,对欧氏空间、球空间、复双曲空间中的超曲面等进行深入系统的研究。
606 0  @a子流形@x流形几何
606 0  @a子流形
606 0  @a流形几何
690    @aO189.3@v4
701  0 @a许志才@9xu zhi cai@4著
801  0 @aCN@bNLC@c20061121
905    @a10447@dO189.3@e45
    
    子流形几何/许志才著.-合肥:中国科学技术大学出版社,2003
    150页;20cm
    
    
    ISBN 7-312-01618-9:CNY12.00
    本书以介绍黎曼几何的基本概念为基础,以简明扼要的方式,对欧氏空间、球空间、复双曲空间中的超曲面等进行深入系统的研究。
●
相关链接 在E读中查询图书 在五车中查询图书 在当当中查询图书 在豆瓣中查询图书


正题名:子流形几何     索取号:O189.3/45         预约/预借

序号 登录号 条形码 馆藏地/架位号 状态 备注
1 0393760   203937605   第二样本阅览室/ [索取号:O189.3/45] 在馆    
2 0393761   203937614   第三借阅区/ [索取号:O189.3/45] 在馆    
3 0393762   203937623   第三借阅区/ [索取号:O189.3/45] 在馆    
4 0393763   203937632   第三借阅区/ [索取号:O189.3/45] 在馆    
5 0393764   203937641   第三借阅区/ [索取号:O189.3/45] 在馆    
唐山师范学院图书馆 欢迎您!
大连网信软件有限公司© 版权所有